000 00991nam0a2200313 4500
001 RU\NLR\bibl\1524985
005 20250616032114.0
010 _a978-5-9567-1029-6
_910000
021 _aRU
_b2010-37118
_92486
035 _a(NLR Aleph) 001516334
090 _a112370
_c112370
100 _a20100621d2010 |||y0rusy50 ca
101 0 _arus
102 _aRU
105 _aa |||||||||
200 1 _aРыба соленая, вяленая, копченая
210 _aМосква
_cЦитадель-трейд
_d2010
215 _a62, [1] с.
_cил.
_d20
225 1 _aИскусство кулинарии
606 1 _aСоленая рыба
_91536572
_3RU\NLR\auth\66970879
606 1 _aВяленая рыба
_92223538
_3RU\NLR\auth\661335005
606 1 _aКопченая рыба
_91364988
_3RU\NLR\auth\66571411
686 _aЛ945
686 _aЛ946
801 0 _aRU
_bNLR
_c20100621
_gRCR
801 1 _aRU
_bNLR
_c20100621
942 _cBOOK
980 _aNB